000 00301nam a22001337a 4500
008 170621b xxu||||| |||| 00| 0 eng d
020 _a9780131722323
041 _aeng
080 _244 ED
_a94(7/8)
100 _a18
101 _aSHH
245 _aPROFIT WITHOUT HONOR
_cROSOFF.S
942 _2udc
_cBK
999 _c18423
_d18423